| 000 | 00679nam a22002770a 4500 | ||
|---|---|---|---|
| 001 | PT30987 | ||
| 003 | AR-LpoUNG | ||
| 005 | 20210131233700.0 | ||
| 008 | 191001s2000||||ag |||||||||||||||||spa d | ||
| 020 |
_a9500377179 _c$21.80 |
||
| 040 |
_aAR-LpoUNG _bspa _cAR-LpoUNG _eaacr |
||
| 041 | _aspa | ||
| 044 | _aag | ||
| 082 | 0 | _aA863 723jug | |
| 100 | 1 | _aArlt, Roberto | |
| 245 | 1 | 3 | _aEl juguete rabioso |
| 250 | _a1ra. ed. | ||
| 260 |
_aBuenos Aires : _bPágina 12, _c[2000]. |
||
| 300 |
_a95 p. : _btbls. |
||
| 650 | 4 | _aARGENTINA | |
| 650 | 4 | _aLITERATURA | |
| 650 | 4 | _aNOVELAS | |
| 651 | 4 | _aDOCUMENTOS TEORICOS O METODOLOGICOS | |
| 905 | _a30987 | ||
| 942 | _cLSALA | ||
| 999 |
_c22110 _d22110 |
||